5HLuxD.jpg

KING HENRY VIII SENIOR AND PRIMARY SCHOOL LIBRARY OPAC

The worst witch strikes again / (Record no. 2013)

000 -LEADER
fixed length control field 01189nam a2200349 i 4500
001 - CONTROL NUMBER
control field 019583096
003 - CONTROL NUMBER IDENTIFIER
control field UkOxU
005 - DATE AND TIME OF LATEST TRANSACTION
control field 20230228091303.0
008 - FIXED-LENGTH DATA ELEMENTS--GENERAL INFORMATION
fixed length control field 130502s2013 enka j 000 1 eng c
015 ## - NATIONAL BIBLIOGRAPHY NUMBER
National bibliography number GBB356914
Source bnb
020 ## - INTERNATIONAL STANDARD BOOK NUMBER
International Standard Book Number 9780141349602 (pbk.) :
035 ## - SYSTEM CONTROL NUMBER
System control number (WlAbNL)vtls006658421
035 ## - SYSTEM CONTROL NUMBER
System control number (Uk)016443306
040 ## - CATALOGING SOURCE
Original cataloging agency StDuBDS
Language of cataloging eng
Description conventions rda
Transcribing agency StDuBDS
Modifying agency WlAbNL
-- KH8
042 ## - AUTHENTICATION CODE
Authentication code ukscp
082 04 - DEWEY DECIMAL CLASSIFICATION NUMBER
Classification number 823.92 MUR
Edition number 23
100 1# - MAIN ENTRY--PERSONAL NAME
Personal name Murphy, Jill,
Dates associated with a name 1949-2021,
Relator term author,
-- illustrator.
245 14 - TITLE STATEMENT
Title The worst witch strikes again /
Statement of responsibility, etc. Jill Murphy.
264 #1 - PRODUCTION, PUBLICATION, DISTRIBUTION, MANUFACTURE, AND COPYRIGHT NOTICE
Place of production, publication, distribution, manufacture London :
Name of producer, publisher, distributor, manufacturer Puffin,
Date of production, publication, distribution, manufacture, or copyright notice 2013.
300 ## - PHYSICAL DESCRIPTION
Extent 85 pages, 1 unnumbered page :
Other physical details illustrations ;
Dimensions 20 cm.
336 ## - CONTENT TYPE
Content type term text
Source rdacontent
336 ## - CONTENT TYPE
Content type term still image
Source rdacontent
337 ## - MEDIA TYPE
Media type term unmediated
Source rdamedia
338 ## - CARRIER TYPE
Carrier type term volume
Source rdacarrier
490 0# - SERIES STATEMENT
Series statement A young Puffin story book
500 ## - GENERAL NOTE
General note Originally published: London: Allison & Busby, 1980.
500 ## - GENERAL NOTE
General note Includes an extract from 'A bad spell for the worst witch' at rear of book.
600 10 - SUBJECT ADDED ENTRY--PERSONAL NAME
Personal name Hubble, Mildred
Titles and other words associated with a name (Fictitious character)
Form subdivision Juvenile fiction.
650 #0 - SUBJECT ADDED ENTRY--TOPICAL TERM
Topical term or geographic name entry element Witches
Form subdivision Juvenile fiction.
655 #0 - INDEX TERM--GENRE/FORM
Genre/form data or focus term Children's stories.
942 ## - ADDED ENTRY ELEMENTS (KOHA)
Source of classification or shelving scheme
Koha item type Books - Non Ficton
Holdings
Withdrawn status Lost status Source of classification or shelving scheme Damaged status Not for loan Collection code Permanent Location Current Location Shelving location Date acquired Total Checkouts Full call number Barcode Date last seen Date last checked out Price effective from Koha item type
          Non-Fiction KH8 Primary School Library KH8 Primary School Library Non Fiction 2023-02-28 2 823.92 MUR KHPL000003722 2025-12-05 2024-11-13 2023-02-28 Books - Non Ficton

Powered By KH8 IT Dept